| 000 | 00957nam a22002057a 4500 | ||
|---|---|---|---|
| 008 | 230307s2021 xxk|||||o|||| 00| 0 eng d | ||
| 041 | _aeng | ||
| 110 | _aRoyal Institution of Chartered Surveyors | ||
| 245 |
_aIndependent Review of Real Estate Investment Valuations _h[Electronic resource] |
||
| 260 | _cDecember 2021 | ||
| 300 | _a81p. | ||
| 520 | _a13 recommendations for the reform of the valuation profession, includes a rotation process for valuers, how to raise concerns, valuation audit trail, use of discounted cash flow, post-qualification revalidation and diversity. | ||
| 650 | _aSURVEYING PROFESSION | ||
| 651 | _aInternational | ||
| 690 |
_96273 _aValuation |
||
| 700 | _aGray, Peter J. Pereira | ||
| 710 | _aRoyal Institution of Chartered Surveyors | ||
| 856 |
_uhttps://www.rics.org/content/dam/ricsglobal/documents/standards/independent_review_of_real_estate_investment_valuations.pdf _zAvailable free on RICS.org |
||
| 942 | _n0 | ||
| 999 |
_c121390 _d121390 |
||